000 00275nam a2200121Ia 4500
005 20251222143317.0
008 251222s9999||||xx |||||||||||||| ||spa||
082 _a153.8/N98
100 _aNuttin, Joseph
245 0 _aLa Motivación
264 _bNueva Visión
942 _cLIB
999 _c15928
_d15928